<?xml version="1.0" encoding="UTF-8"?><?xml-stylesheet type="text/xsl" href="static/style.xsl"?><OAI-PMH xmlns="http://www.openarchives.org/OAI/2.0/" xmlns:xsi="http://www.w3.org/2001/XMLSchema-instance" xsi:schemaLocation="http://www.openarchives.org/OAI/2.0/ http://www.openarchives.org/OAI/2.0/OAI-PMH.xsd"><responseDate>2026-04-14T19:24:12Z</responseDate><request verb="GetRecord" identifier="oai:uvadoc.uva.es:10324/44690" metadataPrefix="marc">https://uvadoc.uva.es/oai/request</request><GetRecord><record><header><identifier>oai:uvadoc.uva.es:10324/44690</identifier><datestamp>2021-06-30T04:10:51Z</datestamp><setSpec>com_10324_38</setSpec><setSpec>col_10324_852</setSpec></header><metadata><record xmlns="http://www.loc.gov/MARC21/slim" xmlns:doc="http://www.lyncode.com/xoai" xmlns:xsi="http://www.w3.org/2001/XMLSchema-instance" xmlns:dcterms="http://purl.org/dc/terms/" xsi:schemaLocation="http://www.loc.gov/MARC21/slim http://www.loc.gov/standards/marcxml/schema/MARC21slim.xsd">
<leader>00925njm 22002777a 4500</leader>
<datafield tag="042" ind1=" " ind2=" ">
<subfield code="a">dc</subfield>
</datafield>
<datafield tag="720" ind1=" " ind2=" ">
<subfield code="a">Izquierdo Iglesias, Elena María</subfield>
<subfield code="e">author</subfield>
</datafield>
<datafield tag="260" ind1=" " ind2=" ">
<subfield code="c">2020</subfield>
</datafield>
<datafield tag="520" ind1=" " ind2=" ">
<subfield code="a">La Ley 15/2005, de 8 de julio, por la que se modifica el Código Civil y la Ley de Enjuiciamiento civil en materia de separación y divorcio, introduce por primera vez en nuestra legislación el modelo de custodia compartida, que permite una nueva posibilidad de regular las relaciones de los hijos con sus progenitores cuando se ha producido una ruptura del núcleo familiar.&#xd;
Este trabajo trata de recoger la legislación y la evolución de la Jurisprudencia que se ha ido dictando a lo largo del tiempo en nuestro país que, como consecuencia, y fruto de una demanda social, hizo factible la promulgación de esta ley.</subfield>
</datafield>
<datafield tag="024" ind2=" " ind1="8">
<subfield code="a">http://uvadoc.uva.es/handle/10324/44690</subfield>
</datafield>
<datafield tag="245" ind1="0" ind2="0">
<subfield code="a">Evolución de la custodia compartida en la jurisprudencia de la sala 1ª TS y TSJ</subfield>
</datafield>
</record></metadata></record></GetRecord></OAI-PMH>